Normal view
MARC view
Entry Topical Term
001 - CONTROL NUMBER
- control field: 13011
003 - CONTROL NUMBER IDENTIFIER
- control field: BD-RjUL
005 - DATE AND TIME OF LATEST TRANSACTION
- control field: 20240514131659.0
008 - FIXED-LENGTH DATA ELEMENTS
- fixed length control field: 240514|| aca||aabn | a|a d
040 ## - CATALOGING SOURCE
- Original cataloging agency: BD-RjUL
- Transcribing agency: BD-RjUL
150 ## - HEADING--TOPICAL TERM
- Topical term or geographic name entry element: Wheat
- Form subdivision: Grain
670 ## - SOURCE DATA FOUND
- Source citation: Work cat.: (BD-RjUL)83742: Adhikary, Surja Kumar 13010, Morpho-Physiological Analysis of Grain Yield Variation in Wheat (Triticum Aestivum L.) /, 2001